000 00271nam a2200109Ia 4500
001 588691
005 20250717120836.0
008 250717s9999 xx 000 0 und d
245 0 _aY-4 SELÇUKLU BACISI
_cERHAN AKMAN
260 _bÇINARALTI YAYINLARI
_c2018
300 _b320
999 _c588691
_d588691